| 000 | 00509nam a2200169Ia 4500 | ||
|---|---|---|---|
| 999 |
_c3310 _d3310 |
||
| 003 | GBCCL | ||
| 005 | 20241126110452.0 | ||
| 008 | 171124b xxu||||| |||| 00| 0 eng d | ||
| 040 | _cgbc | ||
| 082 |
_a342.54 _bJHA |
||
| 100 |
_aJhabvala, Noshirvan H. _96788 |
||
| 245 |
_aThe Constitution of India: _bAs amended by the Forty-sixth Amendment Act / _cNoshirvan H. Jhabvala |
||
| 260 |
_bC. Jamnadas & Co., _aBombay: _c1985 |
||
| 300 |
_a327p.; _c23 cm. |
||
| 650 |
_aConstitution _vIndia _96790 |
||
| 942 |
_2ddc _cBK _01 |
||